000
00359nam a2200169Ia 4500
008
210210b1960 xxu||||| |||| 00| 0 eng d
041
_a
eng
082
_a
539/9
100
_a
BOYS (C V)
245
_a
Soap bubbles
260
_a
London
_b
Heinemann
_c
1960
300
_a
156
650
_a
Soap
650
_a
bubbles
690
_a
Physics
906
_a
009025
999
_c
127772
_d
127772